000 00533nam a2200193Ia 4500
005 20260120130954.0
008 008 260114s9999 xx 000 0 eng d
020 _a9780191756382
037 _aEBOOK
040 _aCRL
_beng
_cCRL
041 _aeng
_2eng
084 _qCRL
100 _aScott
_9921434
245 4 _aThe Making of the Modern British Home
260 _bOxford University PressOxford University Press
_c2013
856 _uhttps://academic.oup.com/book/33106
942 _cEBOOK
999 _c1513344
_d1513344